000
00377nam a22001217a 4500
040
_c
HS
082
_a
634
100
_a
នុព សុធា
245
_a
កម្មវិធីបណ្តុះបណ្តាលស្តីពីការផ្សព្វផ្សាយព្រៃឈើ
260
_a
Cambodia
_b
នុព សុធា
_c
NA
300
_a
NA
942
_c
KB
999
_c
9282
_d
9282